Central Library OPAC University of Rajshahi

Administering the new federalism / (Record no. 5774)

MARC details
000 -LEADER
fixed length control field 01219cam a2200349 a 4500
001 - CONTROL NUMBER
control field 5774
003 - CONTROL NUMBER IDENTIFIER
rucl marc code BD-RjUL
005 - DATE AND TIME OF LATEST TRANSACTION
control field 20211208234126.0
008 - FIXED-LENGTH DATA ELEMENTS--GENERAL INFORMATION
fixed length control field 140107s1986 cou b 001 0 eng
020 ## - INTERNATIONAL STANDARD BOOK NUMBER
International Standard Book Number 0813371538 (pbk.)
035 ## - SYSTEM CONTROL NUMBER
System control number (OCoLC)12945912
System control number (OCoLC)ocm12945912
System control number (CStRLIN)NYCG86-B97933
System control number (BD-RjUL)5813
System control number (NNC)517124
040 ## - CATALOGING SOURCE
Modifying agency CStRLIN
-- BD-RjUL
Original cataloging agency BD-RjUL
Language of cataloging eng
Transcribing agency BD-RjUL
041 ## - LANGUAGE CODE
Language code of text/sound track or separate title eng
082 00 - DEWEY DECIMAL CLASSIFICATION NUMBER
Classification number 321.020973
Edition number 19
Author mark and year ADM 1986
090 ## - LOCALLY ASSIGNED LC-TYPE CALL NUMBER (OCLC); LOCAL CALL NUMBER (OCLC)
Classification number (OCLC) (R) ; Classification number, CALL (RLIN) (NR) JK325
Local cutter number (OCLC) ; Book number/undivided call number, CALL (RLIN) .A42 1986
245 00 - TITLE STATEMENT
Title Administering the new federalism /
Statement of responsibility, etc. edited by Lewis G. Bender, James A. Stever.
260 ## - PUBLICATION, DISTRIBUTION, ETC. (IMPRINT)
Place of publication, distribution, etc. Boulder :
Name of publisher, distributor, etc. Westview Press,
Date of publication, distribution, etc. c1986.
300 ## - PHYSICAL DESCRIPTION
Pagination viii, 369 p. ;
Size 22 cm.
490 1# - SERIES STATEMENT
Series statement Westview special studies in public policy and public systems management
504 ## - BIBLIOGRAPHY, ETC. NOTE
Bibliography, etc Includes bibliographies and index.
650 #0 - SUBJECT ADDED ENTRY--TOPICAL TERM
Topical term or geographic name as entry element Federal government
Geographic subdivision United States.
9 (RLIN) 17930
Topical term or geographic name as entry element Administrative agencies
Geographic subdivision United States
General subdivision Management.
9 (RLIN) 18135
700 1# - ADDED ENTRY--PERSONAL NAME
Personal name Bender, Lewis G.
Personal name Stever, James A.,
Dates associated with a name 1943-
830 #0 - SERIES ADDED ENTRY--UNIFORM TITLE
Uniform title Westview special studies in public policy and public systems management.
942 ## - ADDED ENTRY ELEMENTS (KOHA)
Source of classification or shelving scheme Dewey Decimal Classification
Koha item type Books
Holdings
Lost status Source of classification or shelving scheme Damaged status Not for loan Collection code Permanent Location Current Location Shelving location Date acquired Source of acquisition Total Checkouts Full call number Date last seen Copy number Koha item type
  Dewey Decimal Classification   Not For Loan Non-fiction Central Library, University of Rajshahi Central Library, University of Rajshahi   24/08/1991 Asia Foundation   321.020973 ADM 1986 07/01/2014 C-1 Books